Analýza a predikcia vybraných odborov potravinárskeho priemyslu
V článku je hodnotená konkurencieschopnosť podnikov vyrábajúcich mlynské, cestovinárske, pekárske a pečivárenské produkty v roku 2002 a jej možný vývoj do roku 2013 na základe metódy matice analýzy politiky - PAM. Súčasťou analýzy sú aj ukazovatele nominálnej a efektívnej ochrany. Komparatívne výhod...
Salvato in:
| Autore principale: | |
|---|---|
| Natura: | Capitolo di libro |
| Lingua: | slovacco |
| Soggetti: | |
| Tags: |
Nessun Tag, puoi essere il primo ad aggiungerne!!
|
MARC
| LEADER | 00000naa$a2200000$$$4500 | ||
|---|---|---|---|
| 001 | 0027812 | ||
| 005 | 20231018090834.2 | ||
| 041 | 0 | |a slo | |
| 044 | |a SK | ||
| 245 | 1 | 0 | |a Analýza a predikcia vybraných odborov potravinárskeho priemyslu |c Dagmar Matošková |
| 520 | |a V článku je hodnotená konkurencieschopnosť podnikov vyrábajúcich mlynské, cestovinárske, pekárske a pečivárenské produkty v roku 2002 a jej možný vývoj do roku 2013 na základe metódy matice analýzy politiky - PAM. Súčasťou analýzy sú aj ukazovatele nominálnej a efektívnej ochrany. Komparatívne výhody dosiahli v roku 2002 všetky sledované priemyselné odbory okrem cestovinárskeho. Na domácich trhoch bol neúspešný len pekárenský priemysel. Predpovede situácie po vstupe SR do EÚ. | ||
| 610 | 2 | 0 | |a potravinárstvo |
| 610 | 2 | 0 | |a cestoviny |
| 610 | 2 | 0 | |a múka |
| 610 | 2 | 0 | |a výroba |
| 610 | 2 | 0 | |a konkurencieschopnosť |
| 610 | 2 | 0 | |a výhody komparatívne |
| 610 | 2 | 0 | |a ukazovatele |
| 610 | 2 | 0 | |a náklady |
| 610 | 2 | 0 | |a Slovensko |
| 610 | 2 | 0 | |a Európska únia |
| 610 | 2 | 0 | |a analýzy |
| 610 | 2 | 0 | |a prognózy dlhodobé |
| 100 | 1 | |a Matošková, Dagmar | |